Chantal Goya : Pandi-Panda (paroles du refrain) - Statistiques

Statistiques générales
  • Ce quiz a été pris 27 fois
  • Le résultat moyen est 6 sur 9
Statistiques - réponses
Hint Réponse % Correct
ourson de
100%
Pandi-Panda petit
96%
dans
92%
Chine Pandi-Panda
68%
l'Himalaya Pandi-panda
68%
victime Pandi-Panda
68%
pas une
60%
on te
36%
tu n'seras
32%
Aucun quiz correspondant
Distribution des résultats
% des personnes avec chaque résultat
Percentile par nombre de réponses
Votre historique - résultats
Vous n’avez pas pris ce quiz